| 000 | 00605nam a22001817a 4500 | ||
|---|---|---|---|
| 008 | 150529b xxu||||| |||| 00| 0 eng d | ||
| 082 |
_a708 _bT231n |
||
| 100 |
_aTavares, Ana Maria _92867 |
||
| 245 |
_aNatural-natural : Paisagem e artificio _cTavares, Ana Maria |
||
| 260 |
_aBrasil _c1958 |
||
| 300 |
_a112 p. _bill. (col) _c24 cm |
||
| 600 |
_aTavarez, Ana María _xExhibición _93613 |
||
| 650 |
_xExhibición _92868 |
||
| 650 |
_aArtistas brasileños _93614 |
||
| 650 |
_aArte contemporáneo _zBrasil _93615 |
||
| 700 |
_aTavares, Ana Maria [curadora] _92869 |
||
| 700 |
_aCesar, Victor [co-curador] _93616 |
||
| 999 |
_c640 _d640 |
||